Reading for study and research /

Guardat en:
Dades bibliogràfiques
Autor principal: Boddington, Paula.
Format: Llibre
Idioma:English
Publicat: Australia : Longman, 1999.
Matèries:
Etiquetes: Afegir etiqueta
Sense etiquetes, Sigues el primer a etiquetar aquest registre!
Thư viện lưu trữ: Mạng thư viện Đại học Đà Nẵng
LEADER 00940cam a2200349 i 4500
001 000045338
003 4513
005 20030227090513.0
008 010319|1999 vm 000 eng
020 |a 0733907350 
040 |a IRC  |c IRC  |d IRC 
041 0 |a eng 
082 1 4 |a 371.30281  |b BO-P 
100 1 |a Boddington, Paula. 
245 0 0 |a Reading for study and research /  |c Paula Boddington. 
260 |a Australia :  |b Longman,  |c 1999. 
300 |a xv, 192p. :  |b ill. 
630 0 4 |a Education. 
630 0 4 |a Study. 
650 0 4 |a Study skills  |x Programmed instruction. 
650 0 4 |a Reading comprehension  |x Programmed instruction. 
650 0 4 |a Reading (Higher education)  |x Programmed instruction. 
OWN |a DUT 
999 |a From the UDN01 
TYP |a Monograph 
TYP |a Printed language 
980 |a Mạng thư viện Đại học Đà Nẵng